Attikai éjszakák - kivonatgyűjtemény vagy olvasónapló

Bibliographic Details
Main Author: Csehy, Zoltán, 1973- (Author)
Other Authors: Tóth, Lehel (Illustrator)
Format: Article
Language:Slovak
Hungarian
PhysicalDescription:Fotogr.
ISSN:1335-1826
Subjects:

MARC

LEADER 00000nab a2200000 a 4500
001 vtls000768494
003 SK-MaSNL
005 20260304105510.0
008 250429c2001 xo 0 slo
015 |a SNBRB2001/09-26254 
035 |a CLN000120281 
035 |a urn:nbn:sk:snk-abm9e 
035 |a (urnnbn)urn:nbn:sk:snk:ar-003dns 
035 |a (uuid)fda9453d-ca6a-40bb-b96a-b96255d9c0af 
040 |a SNKBUCL  |b slo  |c SNKBUCL  |e AACR2 
041 0 |a hun 
044 |a xo  |c SK 
080 |a 82.033:871-1  |2 1997 
080 |a 871-1.033  |2 1997 
100 1 |a Csehy, Zoltán,  |d 1973-  |4 aut  |9 86541 
245 1 0 |a Attikai éjszakák - kivonatgyűjtemény vagy olvasónapló  |c Csehy Zoltán ; illusztrálta Tóth Lehel 
300 |b Fotogr. 
504 |a Bibliogr. odkazy 
600 1 7 |a Gellius, Aulus  |d ?130-?165  |t Attikai éjszakák  |x kritika a interpretácie  |2 snkbucl  |9 1406922 
655 7 |a články z novín a časopisov  |2 snkbucl  |9 267496 
700 1 |a Tóth, Lehel  |4 ill  |9 293652 
773 0 |t Kalligram  |g Č. 7-8 (2001), s. 54-60  |x 1335-1826 
850 |a Slovenská národná knižnica 
852 |a Slovenská národná knižnica 
958 |a article27 
958 |a OND 
958 |a HU 
958 |a LX 
958 |a NB 
992 |a RBX 
999 |c 2855934  |d 2857864